Statistiken für Zufällige Zahlen in Primfaktoren zerlegen

Klicken Sie hier um das Quiz zu spielen!

Allgemein

  • Dieses Quiz wurde 193 mal gespielt
  • Das Durchschnittsergebnis liegt bei 40 aus 40

Antwortstatistiken

HintAntwort% Korrekt
1111
100%
1313
100%
1919
100%
22
100%
222*11
100%
342*17
100%
382*19
100%
522*2*13
100%
682*2*17
100%
762*2*19
100%
162*2*2*2
100%
322*2*2*2*2
100%
642*2*2*2*2*2
100%
482*2*2*2*3
100%
922*2*23
100%
402*2*2*5
100%
562*2*2*7
100%
122*2*3
100%
462*23
100%
362*2*3*3
100%
602*2*3*5
100%
842*2*3*7
100%
202*2*5
100%
1002*2*5*5
100%
282*2*7
100%
62*3
100%
2323
100%
662*3*11
100%
182*3*3
100%
542*3*3*3
100%
302*3*5
100%
742*37
100%
862*43
100%
942*47
100%
102*5
100%
502*5*5
100%
702*5*7
100%
982*7*7
100%
2929
100%
3131
100%
333*11
100%
393*13
100%
513*17
100%
573*19
100%
873*29
100%
993*3*11
100%
633*3*7
100%
153*5
100%
753*5*5
100%
4141
100%
4747
100%
855*17
100%
955*19
100%
255*5
100%
355*7
100%
5959
100%
6767
100%
777*11
100%
917*13
100%
497*7
100%
8989
100%
9797
100%
722*2*2*3*3
50%
1717
0%
262*13
0%
42*2
0%
442*2*11
0%
82*2*2
0%
882*2*2*11
0%
962*2*2*2*2*3
0%
802*2*2*2*5
0%
242*2*2*3
0%
582*29
0%
622*31
0%
782*3*13
0%
902*3*3*5
0%
422*3*7
0%
822*41
0%
142*7
0%
33
0%
693*23
0%
93*3
0%
933*31
0%
273*3*3
0%
813*3*3*3
0%
453*3*5
0%
3737
0%
213*7
0%
4343
0%
55
0%
555*11
0%
655*13
0%
5353
0%
6161
0%
77
0%
7171
0%
7373
0%
7979
0%
8383
0%

Verteilung der Resultate

Perzentil nach korrekt beantworteten Fragen

Anzahl Personen mit jedem Resultat

Ihre Resultats-Entwicklung

Sie haben dieses Quiz noch nicht gespielt